000 01120cam a2200349 4500
008 090401t1996 xxu||||| |||| 00| 0 eng d
020 _a1851122060
035 _a(Sirsi) u36387
041 _aeng
050 _a711.409421
110 _aGovernment Office for London
_92574
245 _aLondon in the UK economy : a planning perspective : final report.
260 _aLondon
_bDepartment of the Environment
_c1996
300 _av,114,57p. ; 30cm.
350 _a23
520 _aReport commissioned by the Government Office for London and the London Planning Advisory Committee.
650 _aECONOMIC DEVELOPMENT
650 _aECONOMIC GROWTH
650 _aLAND USE PLANNING
650 _aLONDON PLANNING ADVISORY COMMITTEE
650 _aLONDON
650 _aREGIONAL PLANNING
650 _aSTRATEGIC PLANNING
690 _aPLANNING LAW AND PRACTICE
710 _aArup Economics and Planning
_9699
710 _aGreater London Group
_91924
710 _aLondon Research Centre
_93277
710 _aCOMEDIA
710 _aBartlett School of Planning
_91932
942 _n0
948 _c04/03/1997
999 _c90268
_d90268